000 00841nam a22002777a 4500
003 CHAP
005 20220329140141.0
008 971013s1981 r 00010 d
010 _a47731
011 _a48703
035 _a52849
040 _cCHAP
082 _a519.5
_bP47
100 0 0 _aPérez Veyna, Oscar.
_990085
245 _aNotas del curso de introducción a la estadística
260 _aChapingo, Méx. :
_bUACH. Departamento de Zonas Aridas,
_c1981
300 _a266 p.
590 _aBATCH-UPD
_b10
_c20130110
_lUCH01
_h2106
590 _aBATCH-UPD
_b10
_c20130410
_lUCH01
_h1418
590 _aBATCH-UPD
_b10
_c20130914
_lUCH01
_h1324
590 _aCONVERSION
_b10
_c20130109
_lUCH01
_h1326
650 1 4 _aEstadística.
_938241
901 _aBK
942 _cLIBRO
949 _a519.5 P47
_bBC
_cUACH
_d-117468
_eUACH
_h53410
_i52849
_mD
_si
999 _c47731
_d47731